• 首页
  • 本馆介绍
  • 公告通知
  • 最新文献
  • 馆藏检索
  • 电子资源
  • 读者导购
  • 参考咨询
  • 我的图书馆
  • 登录
  • 详细信息显示
  • 放入我的书架
  • 预约/预借图书
  • 作者相关作品
  • 分类相关作品
  • 丛书相关作品
  • 出版社相关作品

书目信息

  • 表格格式
  • 工作单格式
  • 卡片格式
题名:
纳米金属粉在固体推进剂中的应用
    
 
作者: 赵凤起 著
分册:  
出版信息: 北京   国防工业出版社  2020.5
页数: 22,198页
开本: 23cm
丛书名:
单 册:
中图分类: V512
科图分类:
主题词: 纳米材料--应用--固体推进剂
电子资源:
ISBN: 978-7-118-12055-4
000 01218nam0 2200277 45
001 012001001047
005 20140912145703.0
010    @a978-7-118-12055-4@b精装@dCNY85.00
100    @a20200929d2020 em y0chiy50 ea
101 0  @achi@deng@eeng
102    @aCN@b110000
105    @aa z 000yy
106    @ar
200 1  @a纳米金属粉在固体推进剂中的应用@Ana mi jin shu fen zai gu ti tui jin ji zhong de ying yong@b专著@dApplication of nano-metal powder in solid propellants@f赵凤起[等]著@zeng
210    @a北京@c国防工业出版社@d2020.5
215    @a22,198页@c图,照片@d23cm
300    @a火炸药技术系列专著 国防科技图书出版基金资助出版
300    @a并列题名:Application of nano-metal powder in solid propellants
304    @a著者还有:杨燕京、袁志锋、秦钊
330    @a本书介绍了纳米金属粉在固体推进剂中的应用研究进展,包括纳米金属粉的制备、钝化和包覆以及其与推进剂组分的相互作用;此外,还阐述了纳米金属粉对于双基推进剂和复合推进剂性能的影响,分析了其作用机理。
510 1  @aApplication of nano-metal powder in solid propellants@zeng
606 0  @a纳米材料@x应用@x固体推进剂
690    @aV512@v5
701  0 @a赵凤起@Azhao feng qi@4著
801  0 @aCN@bBJSDL@c20211011
905    @b1332836-9@dV512@e68@f4
    
    纳米金属粉在固体推进剂中的应用=Application of nano-metal powder in solid propellants/赵凤起[等]著.-北京:国防工业出版社,2020.5
    22,198页:图,照片;23cm
    火炸药技术系列专著 国防科技图书出版基金资助出版.-并列题名:Application of nano-metal powder in solid propellants
    
    ISBN 978-7-118-12055-4(精装):CNY85.00
    本书介绍了纳米金属粉在固体推进剂中的应用研究进展,包括纳米金属粉的制备、钝化和包覆以及其与推进剂组分的相互作用;此外,还阐述了纳米金属粉对于双基推进剂和复合推进剂性能的影响,分析了其作用机理。
●
相关链接 在E读中查询图书 在五车中查询图书 在当当中查询图书 在豆瓣中查询图书


正题名:纳米金属粉在固体推进剂中的应用     索取号:V512/68         预约/预借

序号 登录号 条形码 馆藏地/架位号 状态 备注
1 1332836   213328362   第二样本阅览室/ [索取号:V512/68] 在馆    
2 1332837   213328371   第三借阅区/ [索取号:V512/68] 在馆    
3 1332838   213328380   第三借阅区/ [索取号:V512/68] 在馆    
4 1332839   213328399   第三借阅区/ [索取号:V512/68] 在馆    
唐山师范学院图书馆 欢迎您!
大连网信软件有限公司© 版权所有